Automated parking lot system (Record no. 618)
[ view plain ]
| 000 -LEADER | |
|---|---|
| fixed length control field | 02243nam a22002297a 4500 |
| 003 - CONTROL NUMBER IDENTIFIER | |
| control field | URS |
| 005 - DATE AND TIME OF LATEST TRANSACTION | |
| control field | 20220117113607.0 |
| 008 - FIXED-LENGTH DATA ELEMENTS--GENERAL INFORMATION | |
| fixed length control field | 100218b xxu||||| |||| 00| 0 eng d |
| 040 ## - | |
| -- | URS |
| 041 ## - LANGUAGE CODE | |
| Language code of text/sound track or separate title | eng |
| 050 00 - LIBRARY OF CONGRESS CALL NUMBER | |
| Classification number | TA 174 |
| Item number | .Au939 2014 |
| 245 ## - TITLE STATEMENT | |
| Title | <a href="Automated parking lot system">Automated parking lot system</a> |
| Statement of responsibility, etc | John Bryan V. Teoxon...[et.al]. |
| 264 ## - PUBLICATION, DISTRIBUTION, ETC. (IMPRINT) | |
| Date of publication, distribution, etc | 2014 |
| 300 ## - PHYSICAL DESCRIPTION | |
| Extent | 65 leaves : |
| Other physical details | illustrations ; |
| Dimensions | 28 cm. |
| 502 ## - DISSERTATION NOTE | |
| Degree type | Thesis (Bachelor of Science in Computer Engineering) -- University of Rizal System-Morong. |
| 520 ## - SUMMARY, ETC. | |
| Summary, etc | EXECUTIVE SUMMARY: The study aimed to develop Automated Parking Lot System. The study was conducted at the University of Rizal System - Morong Campus during the first semester of 2014-2015. The researchers used respondents. The respondents of the study were the selected 15 experts in and out the University of Rizal System. The study used the descriptive method utilizing the researchers modified questionnaire checklist. The percentile rank was used to determine the level of acceptability of Automated Parking Lot System in the perception of vehicle drivers. Weighted mean was used to determine the acceptability of the system in terms of functionality, usefulness, accuracy and safety and maintenance of the system. It was found that the majority of respondents accepted the device. Based on the data acquired by the researchers, in terms of functionality, usefulness, accuracy and safety and maintenance, it is strongly accepted that was revealed by the respondents. Based on the summary and findings, Automated Parking Lot System will be useful for parking purposes. The study will give some to the vehicle drives because of having trouble when aimlessly circling a parking lot. Automated Parking Lot System eases the parking flow and saves time when parking. For further study, the researchers recommended to improve the light sensor for a reliable use, and to add more features in the system. These project studies will significantly benefit community, University, College of Engineering, future researchers and vehicle drivers. |
| 650 ## - SUBJECT ADDED ENTRY--TOPICAL TERM | |
| Topical term or geographic name as entry element | Computer-aided design. |
| 700 1# - ADDED ENTRY--PERSONAL NAME | |
| Personal name | Fabrid, Socrates P. |
| Relator term | author |
| 700 1# - ADDED ENTRY--PERSONAL NAME | |
| Personal name | Resuelo, Kirtz Gerald B. |
| Relator term | author |
| 700 1# - ADDED ENTRY--PERSONAL NAME | |
| Personal name | Valdez, Alexander C. |
| Relator term | author |
| 942 ## - ADDED ENTRY ELEMENTS (KOHA) | |
| Source of classification or shelving scheme | Library of Congress Classification |
| Koha item type | Theses and dissertations |
| Withdrawn status | Source of classification or shelving scheme | Damaged status | Not for loan | Collection code | Home library | Current library | Shelving location | Date acquired | Total Checkouts | Full call number | Barcode | Date last seen | Copy number | Price effective from | Koha item type |
|---|---|---|---|---|---|---|---|---|---|---|---|---|---|---|---|
| Library of Congress Classification | Reference | Morong College Library | Morong College Library | On Display | 02/18/2010 | TA 174 .Au939 2014 | URSMOR-CL-004081 | 02/18/2010 | 1 | 02/27/2019 | Theses and dissertations |